000 00544nam a2200169Ia 4500
005 20250508160028.0
008 008 250505s9999 xx 000 0 eng d
037 _aBooks to be hide in OPAC
040 _aFEDL
_beng
_cFEDL
041 _aeng
_2eng
084 _a378.32747, CAR/O
_qFEDL
245 0 _aCarnegie foundation for the advancement of Teaching : Twenty-fourth annual report of the president and of the treasurer
260 _c1929
300 _a201p.
942 _cHB
_h378.32747, CAR/O
999 _c1361197
_d1361197